Фантастика-78: сборник; Пятое путешествие Гулливера; Великан на дороге; Фалак; Знакомый солдат; Живая вода; Перекресток; Улыбка Ники Самофракийской; Ответный визит; Братья Блиновы; Зовущий, зовущий мир...
| Další autoři: | , |
|---|---|
| Jazyk: | ruština |
| Vydáno: |
Москва, Молодая гвардия, 1978
|
| TOC: | А. Аникин, Пятое путешествие Гулливера; В. Головачев, Великан на дороге; Т. Малик, Фалак; Б. Балашявичюс, Знакомый солдат; Г. Тарнаруцкий, Живая вода; Ф. Суркис, Перекресток; А. Хлебников, Улыбка Ники Самофракийской; А. Дмитрук, Ответный визит; В. Панков, Братья Блиновы; К. Симонян, Зовущий, зовущий мир...; |
| Edice: | Приключения. Фантастика. Путешествия |
| Témata: | |
| Médium: | Kniha |
| KOHA link: | https://koha.lib.tpu.ru/cgi-bin/koha/opac-detail.pl?biblionumber=74592 |
MARC
| LEADER | 00000nam0a2200000 4500 | ||
|---|---|---|---|
| 001 | 74592 | ||
| 005 | 20231031085516.0 | ||
| 035 | |a (RuTPU)RU\TPU\book\79558 | ||
| 090 | |a 74592 | ||
| 100 | |a 20050309d1978 m y0rusy50 ca | ||
| 101 | 0 | |a rus | |
| 102 | |a RU | ||
| 105 | |a a z 000ay | ||
| 200 | 1 | |a Фантастика-78 |e сборник |f сост. Д. М. Шашурин, А. Осипов | |
| 210 | |a Москва |c Молодая гвардия |d 1978 | ||
| 215 | |a 335 с. |c ил. |e 4 л. цв. ил. | ||
| 225 | 1 | |a Приключения. Фантастика. Путешествия | |
| 464 | |t Пятое путешествие Гулливера |f А. Аникин | ||
| 464 | |t Великан на дороге |f В. Головачев | ||
| 464 | |t Фалак |f Т. Малик | ||
| 464 | |t Знакомый солдат |f Б. Балашявичюс | ||
| 464 | |t Живая вода |f Г. Тарнаруцкий | ||
| 464 | |t Перекресток |f Ф. Суркис | ||
| 464 | |t Улыбка Ники Самофракийской |f А. Хлебников | ||
| 464 | |t Ответный визит |f А. Дмитрук | ||
| 464 | |t Братья Блиновы |f В. Панков | ||
| 464 | |t Зовущий, зовущий мир... |f К. Симонян | ||
| 610 | 1 | |a художественная литература | |
| 610 | 1 | |a научно-фантастические романы | |
| 610 | 1 | |a рассказы | |
| 610 | 1 | |a сборники | |
| 675 | |a Р2 |v 3 | ||
| 702 | 1 | |a Шашурин |b Д. М. |g Дмитрий Михайлович |4 220 | |
| 702 | 1 | |a Осипов |b А. |4 220 | |
| 801 | 1 | |a RU |b 63413507 |c 20050309 |g PSBO | |
| 801 | 2 | |a RU |b 63413507 |c 20141007 |g PSBO | |
| 942 | |c BK | ||